| 000 | 00569nam a2200205Ia 4500 | ||
|---|---|---|---|
| 008 | 220216s9999 xx 000 0 und d | ||
| 100 | _aCiesielska D | ||
| 245 | 0 | _aMechanical, rheological and morphological properties of recycled expanded polystyrene/styrene butadiene rubber blends | |
| 260 |
_bKautschuk Gummi Kunststoffe _c2000 |
||
| 300 | _a273-276 | ||
| 650 | _aBlends | ||
| 650 | _aExpanded polystyrene | ||
| 650 | _aPolymers | ||
| 650 | _aRecycling | ||
| 650 | _aRheology | ||
| 650 | _aSBR | ||
| 700 | _aCharleston | ||
| 700 | _aLiu P | ||
| 942 | _cJS | ||
| 999 |
_c62742 _d62742 |
||